[Event "COL-chB U1800"]
[Site "Antioquia"]
[Date "2018.12.09"]
[Round "6"]
[White "Benjumea Rave, Jaime Stiden"]
[Black "Arboleda, Eulicer De Jesus"]
[Result "0-1"]
[WhiteElo "1783"]
[BlackElo "1646"]
[PlyCount "74"]
[EventDate "2018.12.06"]
[EventType "swiss"]
[EventRounds "7"]
[EventCountry "COL"]
[SourceTitle "CBM 190 Extra"]
[Source "ChessBase"]
[SourceDate "2019.07.15"]
[SourceVersion "1"]
[SourceVersionDate "2019.07.15"]
[SourceQuality "1"]

1. d4 Nf6 2. Nf3 d5 3. Bf4 Bf5 4. c4 c6 5. Nc3 e6 6. cxd5 exd5 7. e3 Bd6 8. Bg5 Nbd7 9. Nh4 Be6 10. Bd3 h6 11. Bxf6 Qxf6 12. g3 g5 13. Ng2 Bh3 14. 0-0 0-0-0 15. Qa4 Kb8 16. b4 Nb6 17. Qb3 h5 18. f3 h4 19. g4 Bc7 20. Rf2 Bg3 21. Nd1 Bxf2+ 22. Nxf2 Bxg2 23. Kxg2 h3+ 24. Kg3 Qh6 25. f4 Rde8 26. Kf3 Re7 27. Rf1 gxf4 28. exf4 Rhe8 29. Nd1 Rg8 30. Rf2 Rge8 31. Bf5 Nc4 32. a4 Nd6 33. Qd3 Re1 34. b5 cxb5 35. axb5 R8e7 36. Rd2 Nc4 37. Rf2 Rxd1 0-1

[Event "COL-chB U1800"]
[Site "Antioquia"]
[Date "2018.12.07"]
[Round "2"]
[White "Benjumea Rave, Jaime Stiden"]
[Black "Mogollon Tobar, Nicolle Juliet"]
[Result "1-0"]
[WhiteElo "1783"]
[BlackElo "1412"]
[PlyCount "30"]
[EventDate "2018.12.06"]
[EventType "swiss"]
[EventRounds "7"]
[EventCountry "COL"]
[SourceTitle "CBM 190 Extra"]
[Source "ChessBase"]
[SourceDate "2019.07.15"]
[SourceVersion "1"]
[SourceVersionDate "2019.07.15"]
[SourceQuality "1"]

1. d4 d5 2. Nf3 Nf6 3. c4 e6 4. g3 Nbd7 5. Bg2 Be7 6. 0-0 0-0 7. Qc2 b6 8. cxd5 exd5 9. Ne5 c5 10. Nc6 Qe8 11. Nc3 Bb7 12. Nxd5 Nxd5 13. Bxd5 Bxc6 14. Bxc6 Rc8 15. d5 Bd6 1-0

[Event "Medellin Flores op 23rd"]
[Site "Medellin"]
[Date "2016.08.05"]
[Round "5"]
[White "Benjumea Rave, Jaime Stiden"]
[Black "Pedraza, Yonnattanth"]
[Result "0-1"]
[WhiteElo "1751"]
[BlackElo "2135"]
[PlyCount "40"]
[EventDate "2016.08.03"]
[EventType "swiss"]
[EventRounds "9"]
[EventCountry "COL"]
[SourceTitle "CBM 173 Extra"]
[Source "ChessBase"]
[SourceDate "2016.08.29"]
[SourceVersion "1"]
[SourceVersionDate "2016.08.29"]
[SourceQuality "1"]

1. d4 f5 2. c4 Nf6 3. Nf3 e6 4. Nc3 Bb4 5. g3 b6 6. Qc2 Bb7 7. Bg2 0-0 8. 0-0 Bxc3 9. bxc3 d6 10. Bg5 Nbd7 11. Rad1 Qe8 12. Bxf6 Nxf6 13. h3 Qh5 14. Ne1 Be4 15. Nd3 Rae8 16. a4 a5 17. Qd2 e5 18. c5 Bxg2 19. Kxg2 Ne4 20. Qc1 Qxe2 0-1

[Event "Pan American-ch U20"]
[Site "Guatape"]
[Date "2016.06.22"]
[Round "4"]
[White "Benjumea Rave, Jaime Stiden"]
[Black "Yepez, Yeison Alexander"]
[Result "0-1"]
[WhiteElo "1775"]
[BlackElo "1968"]
[PlyCount "40"]
[EventDate "2016.06.20"]
[EventType "swiss"]
[EventRounds "9"]
[EventCountry "COL"]
[SourceTitle "EXT 2017"]
[Source "ChessBase"]
[SourceDate "2016.10.25"]
[SourceVersion "1"]
[SourceVersionDate "2016.10.25"]
[SourceQuality "1"]

1. d4 d5 2. c4 e6 3. Nf3 Nf6 4. g3 Be7 5. Bg2 0-0 6. Nc3 Nbd7 7. 0-0 Nb6 8. c5 Nbd7 9. Qc2 c6 10. Nd2 b6 11. Na4 bxc5 12. Nxc5 Nxc5 13. dxc5 Ba6 14. Nb3 Nd7 15. Nd4 Bxc5 16. Qa4 Qb6 17. Qxc6 Bxd4 18. Qxd7 Bxe2 19. Bf4 Bxf1 20. Rxf1 Qxb2 0-1

[Event "COL pre olympic sf1"]
[Site "Medellin"]
[Date "2016.03.25"]
[Round "6"]
[White "Nieto, Manuel Valerio Wald"]
[Black "Benjumea Rave, Jaime Stiden"]
[Result "1-0"]
[WhiteElo "2136"]
[BlackElo "1733"]
[PlyCount "89"]
[EventDate "2016.03.22"]
[EventType "swiss"]
[EventRounds "9"]
[EventCountry "COL"]
[SourceTitle "CBM 171 Extra"]
[Source "ChessBase"]
[SourceDate "2016.04.26"]
[SourceVersion "1"]
[SourceVersionDate "2016.04.26"]
[SourceQuality "1"]

1. Nf3 c6 2. c4 d5 3. g3 Nf6 4. Bg2 e6 5. 0-0 Bd6 6. Nc3 Nbd7 7. d4 0-0 8. Nd2 Re8 9. e4 dxe4 10. Ndxe4 Nxe4 11. Nxe4 Be7 12. Bf4 Nf6 13. Nc3 Qb6 14. b3 Rd8 15. Be3 Qc7 16. Qf3 e5 17. dxe5 Qxe5 18. Bf4 Qa5 19. h3 Bf5 20. Bc7 Qxc7 21. Qxf5 Rd2 22. Rad1 Rad8 23. Nd5 cxd5 24. Rxd2 dxc4 25. Rxd8+ Bxd8 26. bxc4 Be7 27. Qb5 b6 28. a4 Bc5 29. Qc6 Qe5 30. Qa8+ Ne8 31. Kh2 Kf8 32. Bc6 a5 33. Kg2 Qe2 34. Bxe8 Qxe8 35. Qxe8+ Kxe8 36. Rd1 Ke7 37. f4 Bd6 38. Kf3 f5 39. g4 fxg4+ 40. hxg4 h6 41. Ke4 Bc5 42. Kf5 Bb4 43. Rd3 Kf7 44. Rd7+ Kf8 45. Ke6 1-0

[Event "Medellin Flores op 22nd"]
[Site "Medellin"]
[Date "2015.08.08"]
[Round "6"]
[White "Pena, Alcides"]
[Black "Benjumea Rave, Jaime Stiden"]
[Result "1-0"]
[WhiteElo "1820"]
[BlackElo "1600"]
[PlyCount "65"]
[EventDate "2015.08.05"]
[EventType "swiss"]
[EventRounds "9"]
[EventCountry "COL"]
[SourceTitle "EXT 2016"]
[Source "ChessBase"]
[SourceDate "2015.10.08"]
[SourceVersion "1"]
[SourceVersionDate "2015.10.08"]
[SourceQuality "1"]

1. d4 d5 2. c4 c6 3. Nf3 Nf6 4. Nc3 e6 5. Bg5 Nbd7 6. e3 Bd6 7. Bd3 dxc4 8. Bxc4 b5 9. Bd3 Bb7 10. 0-0 0-0 11. Rc1 Rc8 12. a3 a6 13. b4 Re8 14. Ne4 Be7 15. Bxf6 Nxf6 16. Nc5 Qc7 17. Rc3 Bd6 18. Qe2 e5 19. dxe5 Bxe5 20. Nxe5 Rxe5 21. Rfc1 Nd5 22. R3c2 Nf4 23. Qf1 Nxd3 24. Nxd3 Rh5 25. g3 Rd8 26. Nf4 Rh6 27. Ne2 Qe7 28. Nd4 Qe4 29. Qe2 Re8 30. f3 Qxe3+ 31. Qxe3 Rxe3 32. Nf5 Rxa3 33. Rd2 1-0

[Event "Medellin Flores op 22nd"]
[Site "Medellin"]
[Date "2015.08.07"]
[Round "4"]
[White "Reyes Rios, Juan Camilo"]
[Black "Benjumea Rave, Jaime Stiden"]
[Result "1-0"]
[WhiteElo "2059"]
[BlackElo "1600"]
[PlyCount "73"]
[EventDate "2015.08.05"]
[EventType "swiss"]
[EventRounds "9"]
[EventCountry "COL"]
[SourceTitle "EXT 2016"]
[Source "ChessBase"]
[SourceDate "2015.10.08"]
[SourceVersion "1"]
[SourceVersionDate "2015.10.08"]
[SourceQuality "1"]

1. e4 d5 2. exd5 Qxd5 3. Nc3 Qa5 4. d4 Nf6 5. Nf3 Bf5 6. Bc4 e6 7. 0-0 Nbd7 8. Bd2 c6 9. Re1 Qc7 10. Qe2 Bd6 11. Ne5 0-0 12. Bb3 a6 13. h3 c5 14. Nxd7 Qxd7 15. dxc5 Bxc5 16. Bg5 Be7 17. Qf3 Qc7 18. Bf4 Qc6 19. Qxc6 bxc6 20. Rad1 Nd5 21. Be5 Bb4 22. Re2 Bxc3 23. Bxc3 Nxc3 24. bxc3 h6 25. Rd7 e5 26. Rc7 e4 27. g4 Bg6 28. Rxc6 Kh7 29. Bd5 Rac8 30. Rxc8 Rxc8 31. c4 Rc5 32. Re3 f5 33. Ra3 a5 34. Rb3 Rc7 35. Rb5 Ra7 36. c5 Be8 37. Rb7 1-0

[Event "Medellin Flores op 22nd"]
[Site "Medellin"]
[Date "2015.08.06"]
[Round "3"]
[White "Benjumea Rave, Jaime Stiden"]
[Black "Suarez, Luis Humberto"]
[Result "1-0"]
[WhiteElo "1600"]
[BlackElo "2100"]
[PlyCount "87"]
[EventDate "2015.08.05"]
[EventType "swiss"]
[EventRounds "9"]
[EventCountry "COL"]
[SourceTitle "EXT 2016"]
[Source "ChessBase"]
[SourceDate "2015.10.08"]
[SourceVersion "1"]
[SourceVersionDate "2015.10.08"]
[SourceQuality "1"]

1. d4 Nf6 2. c4 c5 3. d5 e5 4. Nc3 d6 5. e4 g6 6. Be2 Bg7 7. f4 exf4 8. Bxf4 0-0 9. Nf3 Re8 10. Qc2 a6 11. 0-0 Qc7 12. Rab1 Nbd7 13. a3 Ng4 14. Nd1 Nge5 15. Nf2 f6 16. b4 b6 17. Bxe5 Nxe5 18. Nxe5 Rxe5 19. Bg4 cxb4 20. axb4 h5 21. Bf3 Bd7 22. Nd3 Ree8 23. Nf4 Rac8 24. Rbc1 Bh6 25. g3 f5 26. Nxg6 Bxc1 27. Qxc1 Qxc4 28. Qg5 Qd4+ 29. Kh1 Qg7 30. exf5 Re5 31. Bxh5 Rf8 32. g4 Bb5 33. Rf2 Bd3 34. h4 Be4+ 35. Kh2 Bxd5 36. Nxf8 Qxg5 37. hxg5 Kxf8 38. g6 Bc4 39. f6 Rg5 40. Kg3 Re5 41. f7 Re3+ 42. Kh4 Bxf7 43. Rxf7+ Kg8 44. Kg5 1-0